| 000 | 01214nam a22003137a 4500 | ||
|---|---|---|---|
| 005 | 20170818153329.0 | ||
| 010 | _a1516EN07 ENG-114382 | ||
| 020 |
_a9789351430070 _c750.00 |
||
| 035 | _aEN-97914 | ||
| 035 | _aB-610861-882 | ||
| 035 | _aB-667827 | ||
| 037 | _bUBH/ven | ||
| 037 | _bRHSP/VEN | ||
| 037 | _bDBAD/PUB | ||
| 082 | _a347.5406 | ||
| 100 | _aRanchhoddas,Ratanlal | ||
| 245 |
_aRatanlal & Dhirajlal's the law of evidence / _cby Ratanlal Ranchhoddas [and] Dhirajlal Keshavlal Thakore |
||
| 250 | _a25th ed | ||
| 260 |
_aGurgaon _bLexis Nexis _c2013 |
||
| 270 |
_a14th Floor, Building No 10, Tower-B, DLF Cyber City, Phase-ll, _bGurgaon _e122002 |
||
| 300 |
_acxliii, 893p. _c24cm(pbk) |
||
| 500 | _aIncludes index | ||
| 700 | _aThakore, Dhirajlal Keshavlal | ||
| 710 | _aPrasad,B.M. | ||
| 710 | _aManish Mohan | ||
| 942 |
_2ddc _cEN _mRAT _h347.5406 |
||
| 999 |
_c96153 _d96153 |
||